| 000 | 00440nam a2200193Ia 4500 | ||
|---|---|---|---|
| 005 | 20250603145204.0 | ||
| 008 | 250603s9999 xx 000 0 und d | ||
| 020 | _a9780080982373 | ||
| 050 | _aVM 156 .T87/ | ||
| 100 | _aTupper, Eric C. | ||
| 245 | 0 | _aIntroduction to naval architecture | |
| 250 | _a5th ed. | ||
| 260 | _aNew York | ||
| 260 | _bElsevier | ||
| 260 | _c2013 | ||
| 300 | _a476 p | ||
| 650 | _aNew York | ||
| 942 | _cBK | ||
| 999 |
_c41133 _d41133 |
||